Sports Quiz

Random Sports or Baseball Quiz

MLB All-Star First Basemen (AL) Quiz Stats

 Plays Quiz Updated Jul 19, 2018

Challenge
Share
Tweet
Embed
Score 0/89 Timer 10:00
24 Plays Today
Year Name % Correct
2006David Ortiz
90%
2007David Ortiz
90%
2014Miguel Cabrera
89.1%
1994Frank Thomas
86%
1995Frank Thomas
86%
1933Lou Gehrig
84.1%
1934Lou Gehrig
84.1%
1935Lou Gehrig
84.1%
1936Lou Gehrig
84.1%
1937Lou Gehrig
84.1%
2012Prince Fielder
83.8%
1991Cecil Fielder
83%
2010Miguel Cabrera
81.8%
2005Mark Teixeira
80.8%
2009Mark Teixeira
80.8%
2013Chris Davis
80.7%
1988Mark McGwire
80.1%
1989Mark McGwire
80.1%
1990Mark McGwire
80.1%
1992Mark McGwire
80.1%
2015Albert Pujols
77.9%
1997Tino Martinez
77%
2000Jason Giambi
76.2%
2002Jason Giambi
76.2%
2004Jason Giambi
76.2%
1998Jim Thome
75.3%
1999Jim Thome
75.3%
1987Don Mattingly
69.3%
1965Harmon Killebrew
69.1%
1967Harmon Killebrew
69.1%
Year Name % Correct
1968Harmon Killebrew
69.1%
2016Eric Hosmer
68.8%
2018José Abreu
67.6%
2003Carlos Delgado
60.9%
1976Rod Carew
60.6%
1977Rod Carew
60.6%
1980Rod Carew
60.6%
1981Rod Carew
60.6%
1983Rod Carew
60.6%
1978Rod Carew
60.6%
1984Rod Carew
60.6%
1996Mo Vaughn
59%
1993John Olerud
58.5%
2001John Olerud
58.5%
1985Eddie Murray
54.4%
1938Jimmie Foxx
54%
1940Jimmie Foxx
54%
2011Adrian Gonzalez
52.1%
2008Kevin Youkilis
51%
1939Hank Greenberg
50.1%
1969Boog Powell
47.8%
1970Boog Powell
47.8%
2017Justin Smoak
46.2%
1979Carl Yastrzemski
42.5%
1982Cecil Cooper
40.7%
1949Eddie Robinson
35.7%
1952Eddie Robinson
35.7%
1961 (1)Norm Cash
34.6%
1961 (2)Norm Cash
34.6%
1971Norm Cash
34.6%
Year Name % Correct
1986Wally Joyner
31.6%
1972Dick Allen
31.6%
1974Dick Allen
31.6%
1958Bill Skowron
25.8%
1959 (1)Bill Skowron
25.8%
1960 (1)Bill Skowron
25.8%
1960 (2)Bill Skowron
25.8%
1973John Mayberry
23%
1966George Scott
22.9%
1975Gene Tenace
18.8%
1962 (1)Jim Gentile
18.5%
1962 (2)Jim Gentile
18.5%
1963Joe Pepitone
17.1%
1954Al Rosen
13.2%
1964Bob Allison
13%
1941Rudy York
12.3%
1942Rudy York
12.3%
1946Mickey Vernon
9.3%
1953Mickey Vernon
9.3%
1955Mickey Vernon
9.3%
1956Mickey Vernon
9.3%
1950Walt Dropo
9%
1957Vic Wertz
7.2%
1951Ferris Fain
5.8%
1959 (2)Pete Runnels
5.6%
1944George McQuinn
4.7%
1947George McQuinn
4.7%
1948George McQuinn
4.7%
1943Dick Siebert
2.3%

You're not logged in!

Compare scores with friends on all Sporcle quizzes.
OR
Log In

You Might Also Like...

Show Comments

Extras

Top Quizzes Today


Score Distribution

Your Account Isn't Verified!

In order to create a playlist on Sporcle, you need to verify the email address you used during registration. Go to your Sporcle Settings to finish the process.

Report this User

Report this user for behavior that violates our Community Guidelines.

Details: